| 000 | 01514nam0a22003371 4500 | ||
|---|---|---|---|
| 001 | v19\rc\1922941 | ||
| 005 | 20260405223329.0 | ||
| 035 | _a(NLR Aleph) 005265951 | ||
| 090 |
_a5949514 _c5949514 |
||
| 100 | _a20080404d1912 |||y0rusy50 ca | ||
| 101 | 0 | _arus | |
| 102 | _aRU | ||
| 105 | _aa z |||a| | ||
| 200 | 1 |
_aСоперники _eрассказ из жизни орочон _aТунгусы _eочерк _eс 5 рисунками _f[соч.] П. Инфантьева |
|
| 210 |
_aСпб. _cиздание П.В. Луковникова _d1912 |
||
| 215 |
_a34 с. _cил. _d19 |
||
| 225 | 1 |
_aЗемля и люди _iГеографическая библиотека _iЖизнь народов России _eрассказы П. Инфантьева _v№ 18 |
|
| 606 | 1 |
_aЭвенки _xЭтнографические исследования _91564748 _3RU\NLR\AUTH\66984890 |
|
| 606 | 1 |
_aОрочи _xЭтнографические исследования _92236186 _3RU\NLR\AUTH\661342001 |
|
| 617 |
_aРоссия _mСибирь Восточная |
||
| 686 | _aТ52(251.1=Ор) | ||
| 686 | _aТ52(251.1=Э) | ||
| 700 | 1 |
_8rus _7ca _aИнфантьев _bП. П. _f1860-1913 _gПорфирий Павлович _3RU\NLR\AUTH\77101530 _984456 |
|
| 801 | 0 |
_aRU _bNLR _c20080404 _gpsbo |
|
| 801 | 0 |
_aRU _bRuMoRGB _c20080404 _2psbo |
|
| 801 | 1 |
_aRU _bProSoft-M _c20080404 _2rusmarc |
|
| 801 | 2 |
_aRU _bNLR _c20110901 _2rusmarc |
|
| 852 |
_aNLR _j18.228.10.329(№ 18) |
||
| 852 |
_aNLR _j129/2516 |
||
| 942 | _cBOOK | ||
| 980 | _aNB | ||